000 00331nam a2200145Ia 4500
100 _aWartikar/J.N.& P.N.
490 _vIII
942 _cBK
654 _aEngg. mathematics III
245 _aEngg. Mathematics III
260 _bPune vidyarthi griha prak.
_aPune
_c1997
082 _a519
_bWAR
546 _aENGLISH
999 _c28954
_d28954